| 000 | nam a22 a 4500 | ||
|---|---|---|---|
| 999 |
_c153407 _d153407 |
||
| 003 | BLK | ||
| 005 | 20221010153025.0 | ||
| 008 | 180410b bul|||||r ||||||| ||bul|| | ||
| 010 | _aKNG00159937000 | ||
| 040 | _aBLK | ||
| 041 |
_aBUL _cBUL |
||
| 080 |
_aМузика _b78 _x(075.3) _z78(075.3) |
||
| 139 |
_aМузика _bМ 95 |
||
| 245 | 1 | 0 |
_aМузика _bIХ кл. на ЕСПУ _cПенка Минчева и др. |
| 257 | _aBGR | ||
| 260 |
_aСофия _bНар. просв. _c1989 |
||
| 300 |
_a127 с. _bс ил., портр., ноти _c22 см |
||
| 380 | _a7 | ||
| 650 | 4 |
_aМузика - учебници за средни училища _9255263 |
|
| 653 | _aмузика | ||
| 653 | _aучебници за средни училища | ||
| 653 | _aІХ кл. | ||
| 700 | 1 |
_aМинчева, Пенка Пенчева _eсъавт. _9373135 |
|
| 700 |
_aЗахариева, Светлана Захариева _9371556 |
||
| 700 |
_aСтателова, Розмари Константинова _9364689 |
||
| 700 | 1 |
_aКалудова, Аделина Запрянова _9373740 |
|
| 700 | 1 |
_aГьонева, Елена Методиева _957539 |
|
| 700 | 1 |
_aСтефчева-Мажгурова Дора Стефанова _9124624 |
|
| 852 | _aЦб 159495 | ||
| 856 | 4 |
_qpdf _i0.00 _ldisable |
|
| 856 | 4 |
_qpdf _i0.00 _ldisable |
|
| 942 |
_cKNG _n0 _s1 |
||
| 944 |
_aCR _c17.04.2014 _l17.04.2014 - от С1,Р / 17.04.2014 _kИрена_Линкова |
||
| 944 |
_aED _c22.04.2014 _l17.04.2014 - от С1,Р / 17.04.2014 |
||
| 999 | _d153407 | ||